[Event "Bucharest Grand Prix op"]
[Site "Bucharest"]
[Date "2024.03.24"]
[Round "8"]
[White "Fridman, Daniel"]
[Black "Nastase, Robert Paul"]
[Result "1-0"]
[WhiteElo "2590"]
[BlackElo "2226"]
[PlyCount "71"]
[EventDate "2024.03.23"]
[EventType "swiss (rapid)"]
[EventRounds "10"]
[EventCountry "ROU"]
[SourceTitle "CB13_2024"]
[SourceDate "2024.03.27"]
[SourceVersion "1"]
[SourceVersionDate "2024.03.27"]
[SourceQuality "1"]

1. Nf3 d5 2. g3 e6 3. Bg2 Nf6 4. d4 c5 5. 0-0 Nc6 6. c4 Be7 7. cxd5 Nxd5 8. dxc5 Bxc5 9. a3 0-0 10. Qc2 Be7 11. Rd1 Bd7 12. e4 Nf6 13. Nc3 Qc7 14. Qe2 Rad8 15. e5 Nd5 16. Bd2 Nxc3 17. Bxc3 Bc8 18. Nd2 b6 19. Ne4 Nxe5 20. Qh5 Ng6 21. Rdc1 Qb8 22. h4 Bb7 23. Ng5 Bxg5 24. hxg5 e5 25. Re1 Rfe8 26. Be4 Bxe4 27. Rxe4 Rd5 28. Kg2 Qb7 29. f3 a5 30. Rh1 Nf8 31. Rhe1 Ng6 32. f4 b5 33. Bxa5 f5 34. gxf6 gxf6 35. f5 Rd4 36. fxg6 1-0

[Event "ROM-ch"]
[Site "Eforie Nord"]
[Date "2024.03.02"]
[Round "9"]
[White "Nastase, Robert Paul"]
[Black "Negrean, Andrei"]
[Result "0-1"]
[WhiteElo "2226"]
[BlackElo "2040"]
[PlyCount "115"]
[EventDate "2024.02.24"]
[EventType "swiss"]
[EventRounds "9"]
[EventCountry "ROU"]
[SourceTitle "CB10_2024"]
[SourceDate "2024.03.06"]
[SourceVersion "1"]
[SourceVersionDate "2024.03.06"]
[SourceQuality "1"]

1. e4 c5 2. Nc3 Nc6 3. Bb5 Nd4 4. Nf3 a6 5. Bd3 Nc6 6. 0-0 e6 7. Nd5 Bd6 8. Ne3 Nge7 9. c3 Bc7 10. Bc2 d5 11. d4 cxd4 12. Nxd4 Nxd4 13. cxd4 dxe4 14. Bxe4 0-0 15. b3 Nd5 16. Bb2 Nxe3 17. fxe3 Qh4 18. Rf4 Bxf4 19. exf4 Qxf4 20. Qd3 f5 21. Bf3 Bd7 22. Bxb7 Bb5 23. Qc3 Rab8 24. Bf3 Rbc8 25. Qe1 Rc2 26. Rb1 Re8 27. Bd1 Rd2 28. Bc3 Rxa2 29. Bf3 Bd3 30. Rd1 Be4 31. Bxe4 Qxe4 32. Qg3 f4 33. Qh3 Qe3+ 34. Qxe3 fxe3 35. Re1 e2 36. Kf2 Rc8 37. Bb4 Rb8 38. Bc5 Rxb3 39. Rxe2 Rxe2+ 40. Kxe2 a5 41. Kd2 Rb2+ 42. Kc3 Rxg2 43. Bd6 g5 44. Kb3 Kf7 45. Ka4 Ra2+ 46. Kb3 Rd2 47. Be5 Kg6 48. Ka4 Kf5 49. Kxa5 Ke4 50. Bf6 Rxd4 51. Bxd4 Kxd4 52. Kb5 e5 53. Kc6 e4 54. Kd6 e3 55. Ke6 e2 56. Kf5 e1Q 57. Kxg5 Ke5 58. h3 0-1

[Event "Titled Tuesday intern op 14th Nov Early"]
[Site "Chess.com INT"]
[Date "2023.11.14"]
[Round "11"]
[White "Karamsetty, Jeevan"]
[Black "Nastase, Robert Paul"]
[Result "0-1"]
[WhiteElo "2284"]
[BlackElo "2226"]
[PlyCount "82"]
[EventDate "2023.11.14"]
[EventType "swiss (blitz)"]
[EventRounds "11"]
[EventCountry "USA"]
[SourceTitle "CB47_2023"]
[SourceDate "2023.11.22"]
[SourceVersion "1"]
[SourceVersionDate "2023.11.22"]
[SourceQuality "1"]

1. g3 a6 2. Bg2 h6 3. b4 e6 4. a3 Nf6 5. Bb2 Be7 6. Nf3 0-0 7. 0-0 d5 8. d3 c5 9. Qd2 Nc6 10. c3 Qb6 11. d4 cxd4 12. Nxd4 Ne5 13. Bc1 Nc4 14. Qc2 Bd7 15. Nd2 Rac8 16. Nxc4 Rxc4 17. Be3 Qc7 18. Rfc1 Rc8 19. Qa2 e5 20. Nb3 Ng4 21. Bd2 Qb6 22. e3 Be6 23. Na5 d4 24. Nxc4 Bxc4 25. Qb2 dxe3 26. fxe3 Nxe3 27. Bxe3 Qxe3+ 28. Qf2 Bg5 29. Re1 Qxc3 30. Rac1 Qxa3 31. Bxb7 Rc7 32. Bd5 Bxc1 33. Rxe5 Bxd5 34. Re8+ Kh7 35. Qf5+ g6 36. Qxd5 Be3+ 37. Kg2 Qb2+ 38. Kh3 Qd4 39. Qf3 Qd7+ 40. Re6 Qxe6+ 41. g4 Rc4 0-1

[Event "Titled Tuesday intern op 14th Nov Early"]
[Site "Chess.com INT"]
[Date "2023.11.14"]
[Round "7"]
[White "Nastase, Robert Paul"]
[Black "Pham, Le Thao Nguyen"]
[Result "0-1"]
[WhiteElo "2226"]
[BlackElo "2395"]
[PlyCount "70"]
[EventDate "2023.11.14"]
[EventType "swiss (blitz)"]
[EventRounds "11"]
[EventCountry "USA"]
[SourceTitle "CB47_2023"]
[SourceDate "2023.11.22"]
[SourceVersion "1"]
[SourceVersionDate "2023.11.22"]
[SourceQuality "1"]

1. a3 d5 2. f4 g6 3. Nf3 Bg7 4. g3 c6 5. Bg2 Nh6 6. d3 Nd7 7. e4 dxe4 8. dxe4 0-0 9. Qe2 Nc5 10. Nbd2 Na4 11. c3 b5 12. 0-0 Qb6+ 13. Kh1 Ng4 14. Nb3 Be6 15. Nfd4 Bc4 16. Qxg4 c5 17. Rd1 cxd4 18. Nxd4 Rad8 19. e5 f6 20. Nc6 Rxd1+ 21. Qxd1 Qc7 22. Bd5+ Kh8 23. Bxc4 Qxc6+ 24. Bd5 Qc7 25. Be3 fxe5 26. Qb3 a6 27. Re1 exf4 28. Bxf4 e5 29. Bc1 Nc5 30. Qc2 Qd7 31. Bg2 Qd3 32. Qe2 Qxe2 33. Rxe2 Rd8 34. Re1 Nd3 35. Rd1 Rd7 0-1

[Event "Titled Tuesday intern op 14th Nov Early"]
[Site "Chess.com INT"]
[Date "2023.11.14"]
[Round "10"]
[White "Nastase, Robert Paul"]
[Black "Valle Luis, Leo"]
[Result "0-1"]
[WhiteElo "2226"]
[BlackElo "2189"]
[PlyCount "88"]
[EventDate "2023.11.14"]
[EventType "swiss (blitz)"]
[EventRounds "11"]
[EventCountry "USA"]
[SourceTitle "CB47_2023"]
[SourceDate "2023.11.22"]
[SourceVersion "1"]
[SourceVersionDate "2023.11.22"]
[SourceQuality "1"]

1. a3 g6 2. h4 Bg7 3. h5 Nf6 4. h6 Bf8 5. d3 d5 6. Bg5 Nbd7 7. Nf3 c6 8. Nc3 e5 9. e4 d4 10. Ne2 Be7 11. g3 Qc7 12. Bh3 Nf8 13. c3 Bxh3 14. Rxh3 Qd7 15. Rh4 dxc3 16. Nxc3 Qc7 17. d4 exd4 18. Qxd4 Ne6 19. Qe3 0-0-0 20. Qxa7 Nxg5 21. Nxg5 Bd6 22. 0-0-0 Rhf8 23. f4 Nd7 24. Nxh7 Rfe8 25. Ng5 Nb8 26. h7 f6 27. h8Q Rxh8 28. Ne6 Bxf4+ 29. Rxf4 Rxd1+ 30. Nxd1 Qe7 31. Nd4 g5 32. Rf1 Rd8 33. Nc3 Qe5 34. Rd1 Qxg3 35. Ne6 Rxd1+ 36. Nxd1 Qe5 37. Nc5 Qe7 38. Ne3 Qc7 39. Nf5 g4 40. Nxb7 Qf4+ 41. Kd1 Qf1+ 42. Kc2 Qe2+ 43. Kb3 Qd3+ 44. Ka4 Qb5# 0-1

[Event "Titled Tuesday intern op 14th Nov Early"]
[Site "Chess.com INT"]
[Date "2023.11.14"]
[Round "3"]
[White "Yarullina, Alina"]
[Black "Nastase, Robert Paul"]
[Result "0-1"]
[WhiteElo "2084"]
[BlackElo "2226"]
[PlyCount "86"]
[EventDate "2023.11.14"]
[EventType "swiss (blitz)"]
[EventRounds "11"]
[EventCountry "USA"]
[SourceTitle "CB47_2023"]
[SourceDate "2023.11.22"]
[SourceVersion "1"]
[SourceVersionDate "2023.11.22"]
[SourceQuality "1"]

1. e4 a6 2. d4 c6 3. Nf3 d5 4. exd5 cxd5 5. Bd3 Nc6 6. 0-0 g6 7. c3 Bg7 8. Bf4 Nf6 9. h3 0-0 10. Nbd2 Re8 11. Re1 Nd7 12. a4 e5 13. dxe5 Ndxe5 14. Nxe5 Nxe5 15. Bc2 Bd7 16. Nb3 Bc6 17. Nd4 Nc4 18. b3 Nd6 19. Rxe8+ Nxe8 20. Qe2 Rc8 21. Re1 Bd7 22. Qe3 Nf6 23. f3 Qa5 24. b4 Qd8 25. Bb3 a5 26. b5 Qb6 27. Kh1 Qc5 28. Ne2 Qa3 29. Bc2 Re8 30. Qd2 Nh5 31. Bh2 Qb2 32. Qd3 Bf5 33. Qxd5 Qxc2 34. Qxb7 Rxe2 35. Rxe2 Qxe2 36. Qb8+ Bf8 37. b6 Qe1+ 38. Bg1 Ng3+ 39. Kh2 Nf1+ 40. Kh1 Qg3 41. Qxg3 Nxg3+ 42. Kh2 Bd6 43. Bc5 Bxc5 0-1

[Event "Arad op 16th"]
[Site "Arad"]
[Date "2023.08.13"]
[Round "9"]
[White "Rakotomaharo, Fy Antenaina"]
[Black "Nastase, Robert Paul"]
[Result "1-0"]
[WhiteElo "2464"]
[BlackElo "2214"]
[PlyCount "75"]
[EventDate "2023.08.07"]
[EventType "swiss"]
[EventRounds "9"]
[EventCountry "ROU"]
[SourceTitle "EXT 2024"]
[Source "ChessBase"]
[SourceDate "2023.10.10"]
[SourceVersion "1"]
[SourceVersionDate "2023.10.10"]
[SourceQuality "1"]

1. d4 e6 2. Nf3 d5 3. c4 c6 4. Qc2 Nf6 5. g3 dxc4 6. Qxc4 b5 7. Qc2 Bb7 8. Bg2 Nbd7 9. 0-0 c5 10. Bg5 Rc8 11. Nbd2 Qb6 12. Rfc1 Be7 13. Ne5 Bxg2 14. Kxg2 Qb7+ 15. Ndf3 h6 16. Bxf6 Nxf6 17. a4 a6 18. axb5 axb5 19. Qb3 Qb6 20. dxc5 Bxc5 21. Qc2 0-0 22. b4 Bd4 23. Qxc8 Bxa1 24. Qc6 Bd4 25. e3 Qxc6 26. Nxc6 Bb6 27. Ra1 Nd5 28. Ra6 Rc8 29. Nfe5 Bd8 30. e4 Nc3 31. Kf3 f6 32. Nd3 Na4 33. Nf4 Kh7 34. Nxd8 Rxd8 35. Nxe6 Rd3+ 36. Kg4 g6 37. Ra7+ Kh8 38. Nf4 1-0

[Event "Brasov GP RO"]
[Site "Brasov"]
[Date "2023.07.22"]
[Round "9"]
[White "Cnejev, Vladimir Alexandru"]
[Black "Nastase, Robert Paul"]
[Result "1-0"]
[WhiteElo "2362"]
[BlackElo "2212"]
[PlyCount "98"]
[EventDate "2023.07.16"]
[EventType "swiss"]
[EventRounds "9"]
[EventCountry "ROU"]
[SourceTitle "CBM 215 Extra"]
[Source "ChessBase"]
[SourceDate "2023.09.30"]
[SourceVersion "1"]
[SourceVersionDate "2023.09.30"]
[SourceQuality "1"]

1. e4 c5 2. Nf3 e6 3. c3 d5 4. e5 d4 5. Bd3 Bd7 6. Na3 Bc6 7. 0-0 Ne7 8. Re1 Ng6 9. Be4 d3 10. Qb3 Qd7 11. Qc4 Bxe4 12. Qxe4 Nc6 13. Nc4 h5 14. b3 h4 15. Nb2 0-0-0 16. Re3 Qd5 17. Qxd3 Be7 18. c4 Qd7 19. Qxd7+ Rxd7 20. Nd3 Rhd8 21. Nde1 Nf4 22. Bb2 g5 23. h3 Nb4 24. Bc3 Nc6 25. Re4 a6 26. Nxh4 Nxh3+ 27. gxh3 gxh4 28. Kf1 Nd4 29. Bxd4 Rxd4 30. Rxd4 Rxd4 31. Nf3 Rf4 32. Ke2 f6 33. exf6 Bxf6 34. Rg1 Kd7 35. Rg8 Re4+ 36. Kd3 Rf4 37. Ke2 Re4+ 38. Kd3 Rf4 39. Ke3 Rf5 40. Rg4 Ke7 41. Rg8 Kd7 42. Rg6 Be7 43. Rh6 Bf6 44. Ke4 b6 45. Rh7+ Kd6 46. Rf7 a5 47. a4 Kc6 48. d4 Kd6 49. d5 Bd4 1-0

[Event "Brasov GP RO"]
[Site "Brasov"]
[Date "2023.07.21"]
[Round "8"]
[White "Nastase, Robert Paul"]
[Black "Rosca, Vasile Benone"]
[Result "1-0"]
[WhiteElo "2212"]
[BlackElo "1951"]
[PlyCount "37"]
[EventDate "2023.07.16"]
[EventType "swiss"]
[EventRounds "9"]
[EventCountry "ROU"]
[SourceTitle "CBM 215 Extra"]
[Source "ChessBase"]
[SourceDate "2023.09.30"]
[SourceVersion "1"]
[SourceVersionDate "2023.09.30"]
[SourceQuality "1"]

1. a3 c5 2. e3 d5 3. d4 Nc6 4. dxc5 a5 5. Nc3 Nf6 6. Rb1 e5 7. b4 axb4 8. axb4 Be7 9. Nf3 0-0 10. Bb5 Bg4 11. h3 Bxf3 12. Qxf3 d4 13. Bxc6 bxc6 14. exd4 exd4 15. Ne2 Ra2 16. Bb2 Re8 17. 0-0 Qd5 18. Qd3 Rd8 19. Rfd1 1-0

[Event "Titled Tuesday intern op 16th May Early"]
[Site "Chess.com INT"]
[Date "2023.05.16"]
[Round "1"]
[White "Nastase, Robert Paul"]
[Black "Mamedov, Edgar"]
[Result "1/2-1/2"]
[WhiteElo "2212"]
[BlackElo "2193"]
[PlyCount "184"]
[EventDate "2023.05.16"]
[EventType "swiss (blitz)"]
[EventRounds "11"]
[EventCountry "USA"]
[SourceTitle "CBM 214 Extra"]
[Source "ChessBase"]
[SourceDate "2023.07.31"]
[SourceVersion "1"]
[SourceVersionDate "2023.07.31"]
[SourceQuality "1"]

1. e4 Nc6 2. Nf3 d6 3. Nc3 Nf6 4. d4 g6 5. Bc4 Bg7 6. 0-0 0-0 7. h3 e5 8. dxe5 dxe5 9. Bg5 h6 10. Bh4 g5 11. Bg3 Nh5 12. Bh2 Nf4 13. Qxd8 Rxd8 14. Rad1 Be6 15. Bxe6 fxe6 16. h4 g4 17. Nd2 Nd4 18. Bxf4 exf4 19. g3 f3 20. Nc4 Nxc2 21. Rc1 Nd4 22. h5 c5 23. Ne3 Bf6 24. Nxg4 Bg5 25. Rce1 Bd2 26. Rd1 Ne2+ 27. Kh2 Nxc3 28. bxc3 Kg7 29. c4 Bc3 30. Rc1 Bd4 31. Rc2 b6 32. Rb1 Rd7 33. Rb3 Rad8 34. Rxf3 Rf8 35. Rxf8 Kxf8 36. f4 Rg7 37. Nxh6 Rh7 38. Ng4 Rxh5+ 39. Kg2 Ke7 40. Nh2 Rh8 41. Nf3 e5 42. fxe5 Ke6 43. Rd2 Rd8 44. g4 Rg8 45. Kg3 Bxe5+ 46. Nxe5 Kxe5 47. Kf3 Rf8+ 48. Ke3 Rf1 49. Rd5+ Ke6 50. Rg5 Rc1 51. Rg7 Rxc4 52. Rxa7 Rc2 53. Ra6 Rb2 54. g5 Ke5 55. Ra7 Rg2 56. Rb7 Rxg5 57. Rxb6 Rg3+ 58. Kd2 Kxe4 59. Kc2 Kd4 60. Rb3 Rg2+ 61. Kb1 c4 62. Rh3 c3 63. Rh8 Rb2+ 64. Kc1 Rxa2 65. Rd8+ Ke3 66. Re8+ Kd3 67. Rd8+ Kc4 68. Rc8+ Kb4 69. Rb8+ Kc5 70. Rc8+ Kd4 71. Rd8+ Ke5 72. Re8+ Kd6 73. Rc8 Ra3 74. Kc2 Kd5 75. Rxc3 Ra2+ 76. Kd3 Rh2 77. Rb3 Rh3+ 78. Kc2 Rh4 79. Rf3 Kc4 80. Rg3 Rh2+ 81. Kb1 Rf2 82. Kc1 Kd4 83. Kb1 Ke4 84. Kc1 Kf4 85. Ra3 Re2 86. Kb1 Ke4 87. Kc1 Kd4 88. Kb1 Kc4 89. Kc1 Kb4 90. Rh3 Ra2 91. Kb1 Ra3 92. Rxa3 Kxa3 1/2-1/2

[Event "Titled Tuesday intern op 16th May Early"]
[Site "Chess.com INT"]
[Date "2023.05.16"]
[Round "4"]
[White "Nastase, Robert Paul"]
[Black "Sarana, Alexey"]
[Result "0-1"]
[WhiteElo "2212"]
[BlackElo "2685"]
[PlyCount "62"]
[EventDate "2023.05.16"]
[EventType "swiss (blitz)"]
[EventRounds "11"]
[EventCountry "USA"]
[SourceTitle "CBM 214 Extra"]
[Source "ChessBase"]
[SourceDate "2023.07.31"]
[SourceVersion "1"]
[SourceVersionDate "2023.07.31"]
[SourceQuality "1"]

1. e4 e5 2. Nf3 Nc6 3. Nc3 d6 4. d4 Bg4 5. d5 Nd4 6. Be3 c5 7. dxc6 bxc6 8. Bxd4 exd4 9. Qxd4 Qb6 10. Qxb6 axb6 11. Nd4 Bd7 12. g3 g6 13. Bg2 Ne7 14. 0-0-0 Bg7 15. Nde2 Nc8 16. f4 b5 17. a3 Ke7 18. Rhe1 Nb6 19. e5 d5 20. Nd4 Rhc8 21. Nb3 Nc4 22. Na2 Bg4 23. Rd3 f6 24. exf6+ Kxf6 25. Nb4 Kf7 26. c3 Bf5 27. Rdd1 Kf8 28. Nc5 Bxc3 29. bxc3 Rxa3 30. Ncd3 Rxc3+ 31. Kb1 c5 0-1

[Event "Titled Tuesday intern op 09th May Late"]
[Site "Chess.com INT"]
[Date "2023.05.09"]
[Round "6"]
[White "Kovalevsky, Stanislav"]
[Black "Nastase, Robert Paul"]
[Result "0-1"]
[WhiteElo "2237"]
[BlackElo "2212"]
[PlyCount "78"]
[EventDate "2023.05.09"]
[EventType "swiss (blitz)"]
[EventRounds "11"]
[EventCountry "USA"]
[SourceTitle "CBM 214 Extra"]
[Source "ChessBase"]
[SourceDate "2023.07.31"]
[SourceVersion "1"]
[SourceVersionDate "2023.07.31"]
[SourceQuality "1"]

1. c4 e6 2. e4 c5 3. Nc3 Nc6 4. g3 g6 5. Bg2 Bg7 6. h4 Nf6 7. d3 0-0 8. Bg5 h6 9. Be3 d6 10. g4 e5 11. g5 Ng4 12. Bd2 f5 13. f3 fxe4 14. Nxe4 h5 15. Qa4 d5 16. cxd5 Qxd5 17. 0-0-0 Qxd3 18. fxg4 Bxg4 19. Re1 Nd4 20. Re3 Rf1+ 21. Bxf1 Qxf1+ 22. Re1 Qg2 23. Qc4+ Kh8 24. Nh3 Bxh3 25. Rhf1 Bf5 26. Rxf5 gxf5 27. Nf6 Bxf6 28. gxf6 Rf8 29. Bg5 Nf3 30. Qxc5 Rf7 31. Rd1 Nxg5 32. hxg5 Qxg5+ 33. Kb1 Qxf6 34. Qc8+ Kg7 35. Rd7 f4 36. Qxb7 Qf5+ 37. Kc1 Rxd7 38. Qg2+ Qg4 39. Qc6 Qd1# 0-1

[Event "Titled Tuesday intern op 09th May Early"]
[Site "Chess.com INT"]
[Date "2023.05.09"]
[Round "4"]
[White "Nastase, Robert Paul"]
[Black "Larina, Marija"]
[Result "1/2-1/2"]
[WhiteElo "2212"]
[BlackElo "1948"]
[PlyCount "28"]
[EventDate "2023.05.09"]
[EventType "swiss (blitz)"]
[EventRounds "11"]
[EventCountry "USA"]
[SourceTitle "CBM 214 Extra"]
[Source "ChessBase"]
[SourceDate "2023.07.31"]
[SourceVersion "1"]
[SourceVersionDate "2023.07.31"]
[SourceQuality "1"]

1. e4 c6 2. c4 d5 3. exd5 cxd5 4. cxd5 Nf6 5. Nc3 Nxd5 6. Nf3 Nc6 7. Bc4 Nb6 8. Bb3 Bf5 9. 0-0 e6 10. d4 Be7 11. d5 exd5 12. Nxd5 Nxd5 13. Qxd5 Qxd5 14. Bxd5 0-0 1/2-1/2

[Event "ROM-ch"]
[Site "Sebes"]
[Date "2023.02.26"]
[Round "9"]
[White "Stepanencu, Nicodim Cosmin"]
[Black "Nastase, Robert Paul"]
[Result "1/2-1/2"]
[WhiteElo "2283"]
[BlackElo "2229"]
[PlyCount "177"]
[EventDate "2023.02.19"]
[EventType "swiss"]
[EventRounds "9"]
[EventCountry "ROU"]
[SourceTitle "CBM 212 Extra"]
[Source "ChessBase"]
[SourceDate "2023.03.31"]
[SourceVersion "1"]
[SourceVersionDate "2023.03.31"]
[SourceQuality "1"]

1. e4 c5 2. Nf3 e6 3. c3 Nf6 4. e5 Nd5 5. d4 cxd4 6. cxd4 Nc6 7. Bc4 d6 8. 0-0 Be7 9. Qe2 0-0 10. Nc3 dxe5 11. dxe5 Nxc3 12. bxc3 Qa5 13. Bd2 Rd8 14. Bd3 g6 15. h4 Bd7 16. Rab1 Be8 17. Rxb7 Qxa2 18. Bc4 Qc2 19. Rc1 Qf5 20. Nd4 Qh5 21. Nxc6 Bxc6 22. Qxh5 gxh5 23. Rxe7 Rxd2 24. Rc7 Be4 25. Re1 Bg6 26. Ba6 Ra2 27. Bb7 Rd8 28. c4 Rdd2 29. Bf3 Rxf2 30. Rxa7 Rxg2+ 31. Bxg2 Rxa7 32. c5 Rc7 33. c6 Kf8 34. Kf2 Ke7 35. Ke3 f6 36. exf6+ Kxf6 37. Kd4 Be8 38. Rf1+ Kg7 39. Kc5 Bxc6 40. Bxc6 Rf7 41. Rg1+ Kf8 42. Rg5 Rf4 43. Kd6 Rxh4 44. Kxe6 Rg4 45. Rxh5 Rg6+ 46. Kd7 h6 47. Be4 Rg4 48. Bc2 Rg2 49. Bb3 Rg3 50. Be6 Rd3+ 51. Bd5 Kg7 52. Ke7 Ra3 53. Rh1 Kg6 54. Rg1+ Kf5 55. Be6+ Ke5 56. Rh1 Ra7+ 57. Bd7 Ra6 58. Rh5+ Kf4 59. Be6 Rb6 60. Rxh6 Ke5 61. Rh5+ Kd4 62. Kf6 Ke4 63. Rh4+ Ke3 64. Ke5 Kd3 65. Rh3+ Kc2 66. Bc4 Rb2 67. Kd4 Kd2 68. Bb3 Kc1 69. Rh1+ Kd2 70. Bc4 Rc2 71. Ba2 Rb2 72. Rh3 Rb4+ 73. Bc4 Rb2 74. Rh2+ Kc1 75. Be2 Rd2+ 76. Ke3 Rb2 77. Rh1+ Kc2 78. Bd3+ Kc3 79. Rc1+ Kb4 80. Kd4 Ka3 81. Rc7 Kb4 82. Rc4+ Ka3 83. Kc3 Rb3+ 84. Kc2 Rb2+ 85. Kc1 Kb3 86. Rc7 Rh2 87. Bc2+ Kb4 88. Rh7 Rxh7 89. Bxh7 1/2-1/2

[Event "ROM-ch"]
[Site "Sebes"]
[Date "2023.02.23"]
[Round "6"]
[White "Nastase, Robert Paul"]
[Black "Voiteanu, Christian Gabriel"]
[Result "1-0"]
[WhiteElo "2229"]
[BlackElo "2130"]
[PlyCount "68"]
[EventDate "2023.02.19"]
[EventType "swiss"]
[EventRounds "9"]
[EventCountry "ROU"]
[SourceTitle "CBM 212 Extra"]
[Source "ChessBase"]
[SourceDate "2023.03.31"]
[SourceVersion "1"]
[SourceVersionDate "2023.03.31"]
[SourceQuality "1"]

1. e4 e5 2. Nf3 Nf6 3. Nc3 Bb4 4. Nxe5 0-0 5. Nd3 Bxc3 6. dxc3 Nxe4 7. Nf4 d6 8. Be2 Nd7 9. 0-0 Ne5 10. c4 Bd7 11. a4 Bc6 12. Ra3 Qd7 13. b4 Bxa4 14. f3 Qc6 15. fxe4 Qb6+ 16. Kh1 Bc6 17. Be3 Qxb4 18. Qa1 Nxc4 19. Nh5 Ne5 20. Bd3 Bxe4 21. Ra4 Bxd3 22. Rxb4 Bxf1 23. Qxf1 a5 24. Rxb7 a4 25. Ra7 c5 26. Qa6 Rxa7 27. Qxa7 Nc4 28. Bg1 a3 29. Qa4 d5 30. Bxc5 Rb8 31. h3 g6 32. Nf6+ Kg7 33. Nxd5 a2 34. Qxa2 Rb1+ 1-0

[Event "EU-ch Cities&Town op"]
[Site "Tornelo INT"]
[Date "2023.01.29"]
[Round "?"]
[White "Freeland, Alex"]
[Black "Nastase, Robert Paul"]
[Result "0-1"]
[WhiteElo "2016"]
[BlackElo "2229"]
[PlyCount "52"]
[EventDate "2023.01.29"]
[EventType "team-swiss"]
[EventRounds "9"]
[EventCountry "NET"]
[SourceTitle "CBM 212 Extra"]
[Source "ChessBase"]
[SourceDate "2023.03.31"]
[SourceVersion "1"]
[SourceVersionDate "2023.03.31"]
[SourceQuality "1"]
[WhiteTeam "West London Hammersmith"]
[BlackTeam "Snagov"]
[WhiteTeamCountry "ENG"]
[BlackTeamCountry "ROU"]

1. d4 Nf6 2. c4 e6 3. Nc3 d5 4. cxd5 exd5 5. Bg5 Be7 6. e3 0-0 7. Bd3 h6 8. Bh4 b6 9. Nge2 c5 10. dxc5 bxc5 11. 0-0 Bb7 12. Rc1 Nbd7 13. Bb1 Rc8 14. Bg3 Qb6 15. Na4 Qa5 16. Nac3 Rfd8 17. Nf4 Nb6 18. Qc2 d4 19. Nd1 Be4 20. Qe2 Bxb1 21. Rxb1 Qxa2 22. Rc1 Bf8 23. exd4 cxd4 24. Rxc8 Rxc8 25. Qd2 Qc4 26. Re1 Bb4 0-1

[Event "EU-ch Cities&Town op"]
[Site "Tornelo INT"]
[Date "2023.01.29"]
[Round "?"]
[White "Nastase, Robert Paul"]
[Black "Jansa, Vlastimil"]
[Result "1-0"]
[WhiteElo "2229"]
[BlackElo "2398"]
[PlyCount "141"]
[EventDate "2023.01.29"]
[EventType "team-swiss"]
[EventRounds "9"]
[EventCountry "NET"]
[SourceTitle "CBM 212 Extra"]
[Source "ChessBase"]
[SourceDate "2023.03.31"]
[SourceVersion "1"]
[SourceVersionDate "2023.03.31"]
[SourceQuality "1"]
[WhiteTeam "Snagov"]
[BlackTeam "Praha Seniors"]
[WhiteTeamCountry "ROU"]
[BlackTeamCountry "CZE"]

1. e4 c5 2. Nf3 e6 3. d4 cxd4 4. Nxd4 Nc6 5. Nb5 d6 6. c4 Nf6 7. N5c3 Be7 8. g3 b6 9. Bg2 Bb7 10. 0-0 0-0 11. Be3 Rc8 12. Qe2 Qc7 13. Nd2 Qb8 14. f4 Rfd8 15. Rfd1 Nd7 16. Rac1 a6 17. a3 Bf6 18. b4 b5 19. cxb5 Nd4 20. Qd3 Nxb5 21. Nxb5 axb5 22. Qxb5 Rxc1 23. Rxc1 Bb2 24. Rc2 Bf6 25. e5 Bxg2 26. Qxb8 Rxb8 27. exf6 Bd5 28. fxg7 Ra8 29. Bd4 e5 30. Bb2 Kxg7 31. Rc7 Be6 32. Ne4 Ra6 33. b5 Rb6 34. a4 Nf6 35. Ng5 Bb3 36. fxe5 dxe5 37. Rc6 Rxc6 38. bxc6 Bxa4 39. c7 Bd7 40. Bxe5 Kg6 41. Bxf6 Kxf6 42. Nxh7+ Ke5 43. Ng5 f6 44. Nh7 f5 45. Nf8 Bc8 46. Kf2 Kd6 47. Ke3 Kxc7 48. Kf4 Kd6 49. Ng6 Ke6 50. Ne5 Bb7 51. h4 Kf6 52. Nd7+ Kg6 53. Nc5 Bc8 54. Nd3 Be6 55. Ke5 Bc8 56. Nf4+ Kg7 57. Nd5 Bd7 58. Ne7 Kh6 59. Nxf5+ Kh5 60. Kf4 Kg6 61. g4 Kf6 62. h5 Ba4 63. g5+ Kf7 64. Ne3 Bb3 65. Ng4 Bc2 66. g6+ Kg7 67. Kg5 Bb1 68. Ne3 Kg8 69. Kf6 Be4 70. Nf5 Bc2 71. Ne7+ 1-0

[Event "EU-ch Cities&Town op"]
[Site "Tornelo INT"]
[Date "2023.01.29"]
[Round "?"]
[White "Nastase, Robert Paul"]
[Black "Rama, Lorenc"]
[Result "1/2-1/2"]
[WhiteElo "2229"]
[BlackElo "2125"]
[PlyCount "196"]
[EventDate "2023.01.29"]
[EventType "team-swiss"]
[EventRounds "9"]
[EventCountry "NET"]
[SourceTitle "CBM 212 Extra"]
[Source "ChessBase"]
[SourceDate "2023.03.31"]
[SourceVersion "1"]
[SourceVersionDate "2023.03.31"]
[SourceQuality "1"]
[WhiteTeam "Snagov"]
[BlackTeam "Durres Teuta"]
[WhiteTeamCountry "ROU"]
[BlackTeamCountry "ALB"]

1. e4 e5 2. Nf3 Nc6 3. d4 exd4 4. Nxd4 Bc5 5. Nb3 Bb6 6. Nc3 Qf6 7. Qe2 Nge7 8. Be3 0-0 9. 0-0-0 Bxe3+ 10. Qxe3 a5 11. a4 Nb4 12. g4 d6 13. g5 Qe6 14. h4 c6 15. Bh3 Qg6 16. h5 Qxh5 17. Bxc8 Qg6 18. Bg4 f5 19. gxf6 Qxf6 20. Qh3 h6 21. Be6+ Kh8 22. Rxd6 Qxf2 23. Rd2 Qf4 24. Kb1 b5 25. Rd7 bxa4 26. Rxe7 axb3 27. Bxb3 a4 28. Nxa4 Rad8 29. e5 Rd2 30. Nc3 Rh2 31. Qxh2 Qxh2 32. Rc1 Rb8 33. e6 Qe5 34. Rd7 Kh7 35. Rg1 Nd5 36. Nxd5 cxd5 37. Ka2 d4 38. Rd1 Ra8+ 39. Kb1 Qa5 40. Kc1 Qa1+ 41. Kd2 Qxb2 42. Rc7 Re8 43. Rg1 Rg8 44. Kd3 Qa3 45. e7 Re8 46. Re1 Qd6 47. Ra7 Qb6 48. Rea1 Qb5+ 49. Bc4 Qc5 50. R1a5 Qd6 51. R5a6 Qg3+ 52. Kxd4 Qh4+ 53. Kc3 Rxe7 54. Bd3+ g6 55. Rxg6 Qe1+ 56. Kc4 Kh8 57. Rxh6+ Kg8 58. Rg6+ Kf8 59. Ra8+ Re8 60. Rxe8+ Qxe8 61. Rb6 Qh5 62. Rb5 Qg4+ 63. Kb3 Ke7 64. c4 Kd6 65. Rd5+ Kc6 66. Kb4 Qd1 67. Kc3 Qa1+ 68. Kd2 Qb2+ 69. Bc2 Qb4+ 70. Kd3 Qe7 71. Ba4+ Kb6 72. Rb5+ Ka6 73. Bb3 Qh7+ 74. Kc3 Qe7 75. Bc2 Qe3+ 76. Bd3 Ka7 77. c5 Qc1+ 78. Kd4 Qa1+ 79. Kd5 Qh1+ 80. Kc4 Qh4+ 81. Kc3 Qf6+ 82. Kb3 Qe6+ 83. Bc4 Qe3+ 84. Kb4 Qd2+ 85. Kb3 Qe3+ 86. Kc2 Qe4+ 87. Bd3 Qa4+ 88. Kd2 Qf4+ 89. Kc3 Qe5+ 90. Kb4 Qd4+ 91. Bc4 Qb2+ 92. Bb3 Qd4+ 93. Ka3 Qa1+ 94. Kb4 Qd4+ 95. Ka5 Qc3+ 96. Ka4 Qd4+ 97. Ka3 Qa1+ 98. Kb4 Qd4+ 1/2-1/2